Public Finance (Record no. 2147)

MARC details
005 - DATE AND TIME OF LATEST TRANSACTION
control field 20250516062333.0
020 ## - INTERNATIONAL STANDARD BOOK NUMBER
International Standard Book Number 978-0-07-337574-8
082 ## - DEWEY DECIMAL CLASSIFICATION NUMBER
Classification number LECT 352.4 SEI
100 ## - MAIN ENTRY--PERSONAL NAME
Author name SEIDMAN, L. S.
245 ## - TITLE STATEMENT
Title Public Finance
260 ## - PUBLICATION, DISTRIBUTION, ETC.
Place of publication, distribution, etc. Boston,
Name of publisher, distributor, etc. Mcgraw-Hill,
Date of publication, distribution, etc. 2009.
300 ## - PHYSICAL DESCRIPTION
Extent xix, 356p.: chart, figure, graph, table.
Other physical details Glossary & index.
Dimensions 26cm.
856 ## - ELECTRONIC LOCATION AND ACCESS
Link text Access Online Book
Electronic name Public Finance
Path www.mhhe.com/seidman1e
942 ## - ADDED ENTRY ELEMENTS (KOHA)
Source of classification or shelving scheme Dewey Decimal Classification
Koha item type Books
Holdings
Date last seen Total checkouts Full call number Barcode Price effective from Koha item type Lost status Source of classification or shelving scheme Damaged status Not for loan Withdrawn status Home library Current library Shelving location Date acquired Cost, normal purchase price
05/08/2025   LECT 352.4 SEI 0000008325 05/08/2025 Books   Dewey Decimal Classification       College of Business Education Main Library College of Business Education Main Library General Collection 07/16/2012 50000.00
05/08/2025   LECT 352.4 SEI 0000008326 05/08/2025 Books   Dewey Decimal Classification       College of Business Education Main Library College of Business Education Main Library General Collection 07/16/2012 50000.00
05/08/2025   LECT 352.4 SEI 0000008327 05/08/2025 Books   Dewey Decimal Classification       College of Business Education Main Library College of Business Education Main Library General Collection 07/16/2012 50000.00
05/08/2025   LECT 352.4 SEI 0000008328 05/08/2025 Books   Dewey Decimal Classification       College of Business Education Main Library College of Business Education Main Library General Collection 07/16/2012 50000.00
05/08/2025   LECT 352.4 SEI 0000008329 05/08/2025 Books   Dewey Decimal Classification       College of Business Education Main Library College of Business Education Main Library General Collection 07/16/2012 50000.00